[Event "Avoine op 29th"]
[Site "Avoine"]
[Date "2014.07.21"]
[Round "3"]
[White "Eden, James"]
[Black "De Lussac, Maxence"]
[Result "1/2-1/2"]
[WhiteElo "2207"]
[BlackElo "1944"]
[PlyCount "96"]
[EventDate "2014.07.19"]
[EventType "swiss"]
[EventRounds "9"]
[EventCountry "FRA"]
[SourceTitle "CBM 161 Extra"]
[Source "ChessBase"]
[SourceDate "2014.08.29"]
[SourceVersion "1"]
[SourceVersionDate "2014.08.29"]
[SourceQuality "1"]

1. e4 c5 2. c3 d5 3. exd5 Qxd5 4. d4 Nf6 5. Nf3 e6 6. Be3 cxd4 7. cxd4 Bb4+ 8. Nc3 0-0 9. Bd3 b6 10. Qe2 Bb7 11. 0-0 Qh5 12. Ne5 Qxe2 13. Bxe2 Nbd7 14. Nxd7 Nxd7 15. a3 Bxc3 16. bxc3 Rac8 17. Rfc1 Nf6 18. c4 Ba6 19. a4 Rc6 20. a5 bxa5 21. Rxa5 Rfc8 22. Rc5 Nd7 23. Rxc6 Rxc6 24. Bf3 Rxc4 25. Ra1 Bb5 26. Rxa7 Ra4 27. Rxa4 Bxa4 28. d5 exd5 29. Bxd5 Nf6 30. Bf3 Kf8 31. g4 h6 32. Kg2 Bb3 33. Bc5+ Ke8 34. Bc6+ Kd8 35. Bf8 g6 36. Kg3 h5 37. g5 Nh7 38. Bh6 Ke7 39. Kf4 f6 40. Be4 f5 41. Bc6 Nf8 42. Ke5 Ne6 43. h4 Ba2 44. f4 Bb3 45. Bf3 Kf7 46. Bxh5 gxh5 47. Kxf5 Bc2+ 48. Ke5 Nxf4 1/2-1/2

[Event "FRA-chT1A 1112"]
[Site "France"]
[Date "2011.12.11"]
[Round "5.7"]
[White "Demarre, Jacques"]
[Black "De Lussac, Maxence"]
[Result "1/2-1/2"]
[WhiteElo "2204"]
[BlackElo "1884"]
[PlyCount "53"]
[EventDate "2011.10.16"]
[EventType "team-tourn"]
[EventRounds "11"]
[EventCountry "FRA"]
[SourceTitle "EXT 2013"]
[Source "ChessBase"]
[SourceDate "2012.11.22"]
[SourceVersion "1"]
[SourceVersionDate "2012.11.22"]
[SourceQuality "1"]
[WhiteTeam "Issy les Moulineaux"]
[BlackTeam "La Membrolle Choisille"]
[WhiteTeamCountry "FRA"]
[BlackTeamCountry "FRA"]

1. d4 Nf6 2. Nf3 g6 3. c4 Bg7 4. g3 0-0 5. Bg2 c6 6. 0-0 d5 7. Nbd2 Re8 8. b3 Nbd7 9. Bb2 e5 10. Nxe5 Nxe5 11. dxe5 Ng4 12. cxd5 cxd5 13. Nf3 Nxe5 14. Nxe5 Bxe5 15. Bxe5 Rxe5 16. e3 Bf5 17. Qd4 Qe7 18. Rfe1 Be4 19. f3 Bf5 20. g4 Bd7 21. f4 Re6 22. Bxd5 Rd6 23. Qb4 Bxg4 24. Qxb7 Qxb7 25. Bxb7 Rad8 26. h3 Bxh3 27. Bf3 1/2-1/2

[Event "Avoine op 26th"]
[Site "Avoine"]
[Date "2011.07.26"]
[Round "4"]
[White "Lemasle, Raphael"]
[Black "De Lussac, Maxence"]
[Result "1/2-1/2"]
[WhiteElo "2038"]
[BlackElo "1835"]
[PlyCount "81"]
[EventDate "2011.07.23"]
[EventType "swiss"]
[EventRounds "9"]
[EventCountry "FRA"]
[SourceTitle "EXT 2012"]
[Source "ChessBase"]
[SourceDate "2011.11.24"]
[SourceVersion "1"]
[SourceVersionDate "2011.11.24"]
[SourceQuality "1"]

1. c4 c5 2. Nc3 Nf6 3. g3 d5 4. cxd5 Nxd5 5. Bg2 Nc7 6. Nf3 Nc6 7. d3 e5 8. 0-0 Be7 9. Be3 0-0 10. Rc1 Rb8 11. a3 Re8 12. Na4 Ne6 13. Nxc5 Nxc5 14. Bxc5 Be6 15. b4 f6 16. e3 Qd7 17. Bxe7 Nxe7 18. d4 e4 19. Nd2 f5 20. Nc4 Bxc4 21. Rxc4 Nd5 22. Qb3 Kh8 23. Rc5 Rbd8 24. Rfc1 g5 25. Bh3 Rf8 26. Bg2 Rfe8 27. Re1 g4 28. Bf1 Rf8 29. Bc4 Nc7 30. Re5 Rf6 31. b5 Re8 32. Qb2 Rh6 33. d5 Qg7 34. Rxe8+ Nxe8 35. Qxg7+ Kxg7 36. Rc1 Rd6 37. Bb3 Rd8 38. Kf1 Kf6 39. Rc5 Ke7 40. Ke2 Kd6 41. Rc4 1/2-1/2

[Event "FRA-ch U16"]
[Site "Troyes"]
[Date "2010.04.18"]
[Round "9"]
[White "Neri, Jean Baptiste"]
[Black "De Lussac, Maxence"]
[Result "1-0"]
[WhiteElo "2011"]
[BlackElo "1813"]
[PlyCount "93"]
[EventDate "2010.04.11"]
[EventType "swiss"]
[EventRounds "9"]
[EventCountry "FRA"]
[SourceTitle "EXT 2012"]
[Source "ChessBase"]
[SourceDate "2011.11.24"]
[SourceVersion "1"]
[SourceVersionDate "2011.11.24"]
[SourceQuality "1"]

1. e4 c5 2. Nf3 e6 3. d4 cxd4 4. Nxd4 a6 5. Bd3 Nf6 6. Nc3 Qc7 7. Be3 b5 8. a3 Bb7 9. 0-0 Be7 10. f4 d6 11. g4 Nc6 12. Nb3 g6 13. Qe2 Nd7 14. Rae1 Bf6 15. g5 Bg7 16. f5 gxf5 17. exf5 0-0-0 18. fxe6 fxe6 19. a4 Bxc3 20. bxc3 Nce5 21. axb5 Nxd3 22. Qxd3 Ne5 23. Qe2 Ba8 24. h4 Qb7 25. Kh2 Nf3+ 26. Rxf3 Qxf3 27. Qxf3 Bxf3 28. bxa6 e5 29. Na5 Kd7 30. Kg3 Rhf8 31. Rf1 Ba8 32. Rxf8 Rxf8 33. Nc4 Kc6 34. a7 d5 35. Nxe5+ Kb5 36. Bd4 Ka6 37. h5 Re8 38. g6 hxg6 39. Nxg6 Rc8 40. Kg4 Bc6 41. Kg5 Kb7 42. h6 Rc7 43. Kf6 Rh7 44. Kg5 Be8 45. Nf4 Rd7 46. Ne6 Rf7 47. Nd8+ 1-0

[Event "FRA-ch U16"]
[Site "Troyes"]
[Date "2010.04.11"]
[Round "1"]
[White "Ozenne, Corentin"]
[Black "De Lussac, Maxence"]
[Result "1/2-1/2"]
[WhiteElo "2105"]
[BlackElo "1813"]
[PlyCount "83"]
[EventDate "2010.04.11"]
[EventType "swiss"]
[EventRounds "9"]
[EventCountry "FRA"]
[SourceTitle "EXT 2012"]
[Source "ChessBase"]
[SourceDate "2011.11.24"]
[SourceVersion "1"]
[SourceVersionDate "2011.11.24"]
[SourceQuality "1"]

1. d4 Nf6 2. c4 g6 3. Nc3 d5 4. cxd5 Nxd5 5. e4 Nxc3 6. bxc3 Bg7 7. Bg5 c5 8. Rc1 cxd4 9. cxd4 0-0 10. Nf3 Bg4 11. d5 Bxf3 12. gxf3 Nd7 13. Be2 Nb6 14. 0-0 Qd6 15. Qd2 Rac8 16. f4 e6 17. Bf3 exd5 18. exd5 h6 19. Bh4 Nc4 20. Qd3 Qxf4 21. Bg3 Ne5 22. Bxf4 Nxd3 23. Rxc8 Rxc8 24. Be3 b6 25. d6 Rd8 26. Rd1 Ne5 27. Bb7 Bf8 28. Bf4 Rxd6 29. Rxd6 Bxd6 30. Bxh6 Ng4 31. Bg5 Bxh2+ 32. Kg2 Bd6 33. Kf3 Ne5+ 34. Ke4 Nd7 35. Kd5 Bc5 36. f3 f6 37. Ke6 fxg5 38. Kxd7 Kf7 39. Kc6 a5 40. a4 Ke6 41. Bc8+ Ke5 42. Bg4 1/2-1/2